[Event "Tourn. n8653"]
[Site "www.chess-mail.com"]
[Date "2016.03.18"]
[Round "1"]
[White "Cathar"]
[Black "Starwind"]
[WhiteElo "2240"]
[BlackElo "2470"]
[Result "0-1"]
[Round "1"]
1.Ng1f3 d5
2.g3 Ng8f6
3.Bf1g2 c6
4.d3 Bc8g4
5.h3 Bg4xf3
6.exf3 e6
7.f4 Bf8d6
8.O-O O-O
9.Nb1d2 Nb8d7
10.Nd2f3 Rf8e8
11.d4 c5
12.dxc5 Bd6xc5
13.b3 Nf6e4
{ resign }
0-1

[Event "Tourn. n8641"]
[Site "www.chess-mail.com"]
[Date "2016.03.18"]
[Round "1"]
[White "Gatrooper"]
[Black "Cal"]
[WhiteElo "1670"]
[BlackElo "1740"]
[Result "0-1"]
[Round "1"]
1.e4 e5
2.a3 a6
3.Nb1c3 Nb8c6
4.Ng1f3 h6
5.h3 Ng8f6
6.d3 d6
7.Nc3d5 Nf6xd5
8.Bc1d2 Bf8e7
9.c4 Nd5f6
10.Bf1e2 Bc8e6
11.b4 b5
12.cxb5 axb5
13.O-O O-O
14.Nf3h4 Nc6d4
15.Bd2c3 Nd4xe2
16.Qd1xe2 Nf6h7
17.Nh4f3 f5
18.exf5 Rf8xf5
19.g4 Rf5f4
20.Bc3d2 Rf4f7
21.Bd2e3 Be7f6
22.Ra1c1 Be6d5
23.Nf3h2 Bf6h4
24.f3 Ra8xa3
25.Be3f2 Ra3a2
26.Rc1c2 Ra2xc2
27.Qe2xc2 Bh4g5
28.h4 Bg5f4
29.d4 Bd5c4
30.Rf1e1 exd4
31.Bf2xd4 Qd8xh4
32.Qc2f2 Bf4g3
33.Qf2g2 Bc4d5
34.Re1e8 Nh7f8
35.Bd4f2 Bd5xf3
36.Nh2xf3 Bg3xf2
37.Qg2xf2 Qh4xg4
38.Qf2g2 Qg4xf3
39.Qg2xf3 Rf7xf3
40.Kg2 Rf3f7
41.Kg3 g5
42.Kg4 Kg7
43.Kh5 Nf8d7
44.Re8e6 Nd7f6
45.Re6xf6 Rf7xf6
46.Kg4 Kg6
47.Kh3 h5
48.Kg3 h4
49.Kg4 Rf6f4
50.Kh3 d5
51.Kg2 g4
52.Kg1 d4
{ resign }
0-1

[Event "Tourn. n8628"]
[Site "www.chess-mail.com"]
[Date "2016.03.18"]
[Round "1"]
[White "Gilliere"]
[Black "Bigrezi"]
[WhiteElo "1880"]
[BlackElo "1760"]
[Result "1-0"]
[Round "1"]
1.d4 Ng8f6
2.c4 e6
3.c5 Nb8c6
4.e3 d6
5.cxd6 cxd6
6.Nb1c3 g6
7.Ng1f3 Bf8g7
8.Bf1b5 Bc8d7
9.O-O O-O
10.Bb5xc6 Bd7xc6
11.h3 Qd8c7
12.b4 Ra8d8
13.a3 b6
14.Bc1b2 Rd8c8
15.Ra1c1 Qc7d7
16.Rf1e1 Rc8c7
17.b5 Bc6b7
18.a4 Rf8c8
19.Nc3a2 Nf6e4
20.Rc1xc7 Rc8xc7
21.Qd1e2 d5
22.Re1c1 Ne4d6
23.Rc1xc7 Qd7xc7
24.Qe2d1 Nd6e4
25.Qd1c1 Qc7xc1
26.Na2xc1 Bg7f8
27.Nc1d3 a6
28.Kf1 axb5
29.axb5 Bf8d6
30.Ke2 Kg7
31.Nf3e5 Bb7c8
32.Ne5c6 h6
33.f4 f6
34.g4 f5
35.gxf5 exf5
36.Nd3b4 Kf6
37.Nb4xd5 Ke6
38.Nd5xb6 Bc8d7
39.d5 { resign }
1-0

[Event "Tourn. n8631"]
[Site "www.chess-mail.com"]
[Date "2016.03.18"]
[Round "1"]
[White "Goofy"]
[Black "Gimmyg"]
[WhiteElo "2300"]
[BlackElo "2520"]
[Result "1-0"]
[Round "1"]
1.e4 e6
2.Nb1c3 d5
3.d4 Bf8b4
4.e5 c5
5.a3 Bb4xc3
6.bxc3 Ng8e7
7.Qd1g4 Qd8c7
8.Qg4xg7 Rh8g8
9.Qg7xh7 cxd4
10.Ng1e2 Nb8c6
11.f4 Bc8d7
12.Qh7d3 dxc3
13.Ra1b1 O-O-O
14.Qd3xc3 Kb8
15.Rh1g1 Bd7c8
16.g4 Rg8h8
17.h3 b5
18.Rb1xb5 Ka8
19.Ne2d4 Bc8a6
20.Rb5c5 Ba6xf1
21.Rg1xf1 Rd8c8
22.Rf1f3 Qc7d7
23.Bc1e3 Nc6xd4
24.Be3xd4 Ne7c6
25.Kd1 Rc8c7
26.f5 Rh8c8
27.fxe6 fxe6
28.Rf3f4 Qd7e7
29.Bd4f2 Qe7g5
30.Rf4f6 Qg5xe5
31.Qc3xe5 Nc6xe5
32.Rc5xc7 Rc8xc7
33.Bf2g3 { resign }
1-0

[Event "Tourn. n8650"]
[Site "www.chess-mail.com"]
[Date "2016.03.18"]
[Round "1"]
[White "Louis"]
[Black "Geretree"]
[WhiteElo "1900"]
[BlackElo "1930"]
[Result "1-0"]
[Round "1"]
1.e4 e5
2.Ng1f3 Nb8c6
3.Bf1b5 d6
4.d4 a6
5.Bb5xc6 bxc6
6.dxe5 d5
7.O-O Bc8g4
8.Qd1d3 dxe4
9.Qd3xe4 Bg4xf3
10.Qe4xf3 Qd8d5
11.Qf3e2 Ng8e7
12.Nb1c3 Qd5e6
13.Nc3e4 Qe6xe5
14.Rf1e1 Ra8d8
15.Bc1g5 f6
16.Ne4xf6 gxf6
17.Qe2h5 { resign }
1-0

[Event "Tourn. n8582"]
[Site "www.chess-mail.com"]
[Date "2016.03.18"]
[Round "1"]
[White "Yangqi"]
[Black "Aperturaf"]
[WhiteElo "2650"]
[BlackElo "2500"]
[Result "1-0"]
[Round "1"]
1.c4 e6
2.g3 d5
3.Bf1g2 Ng8f6
4.Ng1f3 Bf8e7
5.O-O O-O
6.b3 c5
7.Bc1b2 Nb8c6
8.e3 b6
9.Nb1c3 Bc8b7
10.cxd5 Nf6xd5
11.Nc3xd5 exd5
12.d4 Ra8c8
13.dxc5 bxc5
14.Qd1d2 Qd8d7
15.Ra1c1 Rf8d8
16.Rf1d1 Qd7e6
17.Bb2a3 Nc6b8
18.Nf3e1 Qe6a6
19.Ba3b2 c4
20.Bg2h3 Nb8d7
21.bxc4 Qa6xa2
22.Rc1b1 Rc8xc4
23.Rb1a1 Qa2b3
24.Rd1b1 Rc4b4
25.Bb2xg7 Qb3xb1
26.Ra1xb1 Rb4xb1
27.Bg7c3 d4
28.Qd2c2 dxc3
29.Qc2xb1 Bb7d5
30.Bh3f5 Nd7f8
31.Qb1a1 Be7f6
32.Qa1xa7 h6
33.Qa7a4 Rd8a8
34.Qa4d1 Ra8d8
35.h4 Nf8e6
36.Bf5c2 Bf6g7
37.Qd1g4 Ne6f8
38.Ne1f3 Bd5xf3
39.Qg4xf3 Rd8d2
40.Qf3f5 Nf8e6
41.Kf1 Kf8
42.Bc2b3 Ke7
43.Qf5b5 Bg7f6
44.Qb5b4 Rd2d6
45.f4 { resign }
1-0

[Event "Match"]
[Site "www.echecsemail.com"]
[Date "2016.03.18"]
[Round "1"]
[White "Biggles"]
[Black "Coventry"]
[WhiteElo "2100"]
[BlackElo "1790"]
[Result "0-1"]
[Round "1"]
1.e4 d6
2.d4 Ng8f6
3.Nb1c3 g6
4.Bf1e2 Bf8g7
5.Bc1g5 h6
6.Bg5e3 c6
7.f4 h5
8.Ng1f3 Nf6g4
9.Qd1d2 Ng4xe3
10.Qd2xe3 Bc8g4
11.O-O Qd8b6
12.Be2c4 O-O
13.Nf3g5 Bg7xd4
14.Bc4xf7 Rf8xf7
{ resign }
0-1

[Event "Match"]
[Site "www.echecsemail.com"]
[Date "2016.03.18"]
[Round "1"]
[White "Sorren"]
[Black "Crush"]
[WhiteElo "1790"]
[BlackElo "1670"]
[Result "1-0"]
[Round "1"]
1.e4 e5
2.Ng1f3 Nb8c6
3.Bf1c4 Bf8c5
4.Nb1c3 d6
5.d3 Ng8f6
6.O-O O-O
7.Bc1g5 h6
8.Bg5h4 Bc8g4
9.h3 Bg4xf3
10.Qd1xf3 Nc6d4
11.Qf3d1 a6
12.Nc3d5 Qd8d7
13.Nd5xf6 gxf6
14.Bh4xf6 b5
15.Qd1h5 Nd4e6
16.Qh5xh6 Rf8c8
17.Qh6h8 
1-0

[Event "Match"]
[Site "www.echecsemail.com"]
[Date "2016.03.18"]
[Round "1"]
[White "Gimmyg"]
[Black "Matchbox"]
[WhiteElo "2540"]
[BlackElo "1720"]
[Result "1-0"]
[Round "1"]
1.d4 f5
2.Nb1c3 Ng8f6
3.Bc1f4 e6
4.Ng1f3 Bf8b4
5.Qd1d3 Bb4xc3
6.Qd3xc3 Nf6d5
7.Qc3d2 Nd5xf4
8.Qd2xf4 O-O
9.h4 d6
10.e3 Nb8c6
11.Bf1d3 Qd8e7
12.O-O e5
13.Bd3c4 Kh8
14.Qf4g5 h6
15.Qg5xe7 Nc6xe7
16.dxe5 { resign }
1-0

[Event "Match"]
[Site "www.echecsemail.com"]
[Date "2016.03.18"]
[Round "1"]
[White "Coraza"]
[Black "Gfalk"]
[WhiteElo "1710"]
[BlackElo "1649"]
[Result "1-0"]
[Round "1"]
1.Ng1f3 d5
2.b3 e6
3.Nf3e5 c5
4.e3 Bf8d6
5.Bf1b5 Nb8d7
6.Bb5xd7 Bc8xd7
7.Ne5f3 Qd8f6
8.c3 Ng8e7
9.a4 O-O
10.Bc1b2 b5
11.O-O bxa4
12.bxa4 Ra8b8
13.Qd1c2 c4
14.h4 e5
15.Nf3g5 Bd7f5
16.e4 Bf5g6
17.d3 h6
18.Ng5h3 Bd6c5
19.Bb2c1 cxd3
20.Qc2xd3 Bg6xe4
21.Qd3e2 Qf6xh4
22.Bc1e3 d4
23.cxd4 exd4
24.Be3f4 f5
25.Bf4g3 d3
26.Qe2a2 Be4d5
27.Qa2xd5 Ne7xd5
28.Bg3xh4 g5
29.Bh4xg5 hxg5
30.Nh3xg5 Nd5f4
31.Ng5f3 Kg7
32.g3 Nf4e2
33.Kg2 Kf6
34.Nb1d2 Rf8g8
35.Ra1d1 Ne2f4
36.Kh1 Rg8h8
37.Nf3h2 Nf4h3
38.Kg2 Rh8h7
{ time. }
1-0

[Event "Match"]
[Site "www.echecsemail.com"]
[Date "2016.03.18"]
[Round "1"]
[White "Billyg"]
[Black "Daquata"]
[WhiteElo "1650"]
[BlackElo "1630"]
[Result "0-1"]
[Round "1"]
1.e4 e5
2.Ng1f3 Nb8c6
3.Bf1b5 a6
4.Bb5a4 Ng8f6
5.d3 b5
6.Ba4b3 d6
7.h3 Bf8e7
8.Nf3g5 O-O
9.O-O h6
10.Ng5xf7 Rf8xf7
11.Bb3xf7 Kxf7
12.f4 Kg8
13.fxe5 Nc6xe5
14.d4 Ne5g6
15.Nb1c3 Bc8b7
16.d5 b4
17.Nc3a4 Nf6xe4
18.Qd1g4 Ne4f6
19.Qg4xb4 Bb7xd5
20.c4 Bd5c6
21.Rf1d1 d5
22.Qb4b3 Ra8b8
23.Qb3f3 Bc6xa4
24.b3 Ba4d7
25.cxd5 Be7d6
26.g3 Bd7xh3
27.Rd1d4 Bd6c5
28.Bc1e3 Bc5xd4
29.Be3xd4 Qd8xd5
30.Qf3xd5 Nf6xd5
31.Ra1e1 Rb8f8
32.Kh2 Bh3g4
33.Re1e4 Bg4f5
34.Re4e2 Rf8f7
35.Re2g2 Rf7e7
36.a4 Re7e1
37.Rg2d2 c6
38.Bd4f2 Re1b1
39.Rd2d4 Rb1xb3
40.Rd4c4 Rb3c3
41.Rc4c5 Rc3xc5
42.Bf2xc5 Nd5c3
43.a5 Ng6e5
{ resign }
0-1

[Event "Match"]
[Site "www.echecsemail.com"]
[Date "2016.03.18"]
[Round "1"]
[White "Ranjachess"]
[Black "Rindrandria"]
[WhiteElo "1760"]
[BlackElo "1560"]
[Result "1-0"]
[Round "1"]
1.g3 d5
2.d4 e5
3.dxe5 Bf8c5
4.e4 d4
5.Bf1c4 c6
6.c3 Qd8b6
7.Qd1b3 Qb6c7
8.Bc4xf7 Qc7xf7
9.Qb3xf7 Kxf7
10.Ng1f3 d3
11.O-O h6
12.b4 Bc8g4
13.Nb1d2 Bc5e7
14.Kg2 Nb8d7
15.h3 Bg4e6
16.c4 Be7xb4
17.Ra1b1 Bb4xd2
18.Nf3xd2 Ra8b8
19.f4 g6
20.g4 b5
21.f5 gxf5
22.exf5 Be6xc4
23.e6 Bc4xe6
24.fxe6 Kxe6
25.Rf1e1 Kf7
26.Nd2e4 Kg6
27.Rb1b3 Rb8e8
28.Rb3xd3 Ng8f6
29.Bc1b2 Rh8f8
30.Rd3d6 Nd7e5
31.Re1f1 Ne5d7
32.Ne4xf6 Re8e2
33.Kg3 Nd7c5
34.Nf6d7 Kh7
35.Nd7xf8 Kg8
36.Rd6g6 
1-0

[Event "1/64 Finale"]
[Site "www.chess-mail.com"]
[Date "2016.03.18"]
[Round "1"]
[White "Malbertan"]
[Black "Snoopy"]
[WhiteElo "2110"]
[BlackElo "2449"]
[Result "0-1"]
[Round "1"]
1.e4 b6
2.d4 Bc8b7
3.Bf1d3 Ng8f6
4.f3 e6
5.e5 Nf6d5
6.c4 Nd5b4
7.Bd3e4 Bb7xe4
8.fxe4 Qd8h4
9.Kf1 Qh4xe4
10.Nb1a3 Qe4d3
11.Qd1xd3 Nb4xd3
12.Ke2 Nd3xc1
13.Ra1xc1 Bf8xa3
14.bxa3 c5
15.Ng1f3 cxd4
16.Nf3xd4 Nb8c6
17.Nd4f3 Ra8c8
18.Rh1f1 Ke7
19.c5 bxc5
20.Rc1xc5 Nc6d4
{ resign }
0-1

[Event "Tourn. n8659"]
[Site "www.chess-mail.com"]
[Date "2016.03.19"]
[Round "1"]
[White "Piekki"]
[Black "Elogic"]
[WhiteElo "1980"]
[BlackElo "1960"]
[Result "1-0"]
[Round "1"]
1.e4 Ng8f6
2.e5 Nf6d5
3.d4 c6
4.Ng1f3 g6
5.c4 Nd5c7
6.Nb1c3 e6
7.Bc1g5 Bf8e7
8.Nc3e4 Be7xg5
9.Nf3xg5 h6
10.Ne4d6 Kf8
11.Ng5xf7 Qd8e7
12.Nf7xh8 { resign }
1-0

[Event "Tourn. n8663"]
[Site "www.chess-mail.com"]
[Date "2016.03.19"]
[Round "1"]
[White "Roque1"]
[Black "Attatroll"]
[WhiteElo "1980"]
[BlackElo "2000"]
[Result "1-0"]
[Round "1"]
1.e4 c5
2.Ng1f3 Qd8b6
3.Nb1c3 e6
4.d4 cxd4
5.Nf3xd4 Bf8c5
6.Bc1e3 Nb8c6
7.Nd4b5 Bc5xe3
8.fxe3 Qb6xe3
9.Bf1e2 Qe3b6
10.Nb5d6 Ke7
11.Nc3b5 Ng8f6
12.Qd1d3 a6
13.e5 Nc6xe5
14.Qd3a3 Kd8
15.O-O-O Nf6d5
16.Rh1f1 Nd5f4
17.Rf1xf4 { resign }
1-0

[Event "Tourn. n8619"]
[Site "www.chess-mail.com"]
[Date "2016.03.19"]
[Round "1"]
[White "Duff"]
[Black "Elogic"]
[WhiteElo "1830"]
[BlackElo "1870"]
[Result "1-0"]
[Round "1"]
1.e4 e5
2.Ng1f3 Nb8c6
3.Bf1c4 Ng8e7
4.Nf3g5 d5
5.exd5 Ne7xd5
6.Ng5xf7 Kxf7
7.Qd1f3 Ke6
8.Nb1c3 Nc6b4
9.Bc4b3 c5
10.a3 Nb4c6
11.Nc3xd5 Kd6
12.c3 Nc6a5
13.Bb3a2 Bc8e6
14.Nd5e3 c4
15.O-O Qd8h4
16.d3 cxd3
17.Ba2xe6 Kxe6
18.Qf3d5 Kf6
19.Qd5xa5 Bf8d6
20.Qa5d5 Ra8d8
21.Qd5f3 Ke6
22.Qf3g4 Qh4xg4
23.Ne3xg4 Bd6e7
24.Bc1d2 h5
25.Ng4e3 Rd8d7
26.Rf1e1 Rh8d8
27.Ne3c4 Be7f6
28.f4 Rd7d5
29.Nc4xe5 Bf6xe5
30.Re1xe5 Rd5xe5
31.fxe5 Kxe5
32.Ra1e1 Kf5
33.Re1e7 { resign }
1-0

[Event "Tourn. n8606"]
[Site "www.chess-mail.com"]
[Date "2016.03.19"]
[Round "1"]
[White "Tartan"]
[Black "Elogic"]
[WhiteElo "2410"]
[BlackElo "2240"]
[Result "1-0"]
[Round "1"]
1.e4 e5
2.Ng1f3 Nb8c6
3.Bf1b5 Ng8e7
4.O-O d6
5.c3 Bc8d7
6.d4 Ne7g6
7.Bc1e3 a6
8.Bb5d3 Nc6a5
9.d5 b5
10.a4 Na5b7
11.axb5 axb5
12.Ra1xa8 Qd8xa8
13.Nb1a3 Qa8a5
14.Qd1b3 Ng6f4
15.Bd3xb5 Bd7xb5
16.Na3xb5 g6
17.Qb3c4 Kd7
18.b4 Qa5a6
19.Qc4xc7 Ke8
20.Qc7c6 { resign }
1-0

[Event "Tourn. n8597"]
[Site "www.chess-mail.com"]
[Date "2016.03.19"]
[Round "1"]
[White "Elogic"]
[Black "Francesco"]
[WhiteElo "2089"]
[BlackElo "1960"]
[Result "1-0"]
[Round "1"]
1.e3 e5
2.d4 e4
3.g3 Ng8f6
4.a3 d5
5.f3 exf3
6.Ng1xf3 Bc8g4
7.h3 Bg4f5
8.Bf1d3 Nf6e4
9.Nf3e5 Nb8d7
10.Bd3xe4 Bf5xe4
11.Rh1f1 Nd7xe5
12.dxe5 Qd8g5
13.Qd1g4 Qg5xg4
14.hxg4 Be4xc2
15.Nb1c3 Bc2b3
16.Nc3b5 O-O-O
17.Rf1xf7 c6
18.Nb5d4 Bb3c4
19.b3 Bc4d3
20.Nd4e6 Rd8e8
21.Ne6xg7 Re8xe5
22.Ng7f5 Bf8c5
23.b4 Rh8f8
24.Rf7xh7 Bd3xf5
25.gxf5 Rf8xf5
26.bxc5 Rf5g5
27.Kf2 Re5f5
28.Kg2 Rg5g4
29.Bc1b2 Rf5g5
30.Rh7h3 Kd7
31.Ra1f1 Ke6
32.Rf1f6 Ke7
33.Rh3h7 Ke8
34.Rf6e6 Kf8
35.Bb2e5 { resign }
1-0

[Event "Tourn. n8625"]
[Site "www.chess-mail.com"]
[Date "2016.03.19"]
[Round "1"]
[White "Liencam2"]
[Black "Tonino1"]
[WhiteElo "2290"]
[BlackElo "2100"]
[Result "1-0"]
[Round "1"]
1.e4 c5
2.Nb1c3 e6
3.Ng1f3 d5
4.exd5 exd5
5.Bf1b5 Nb8c6
6.d4 a6
7.Bb5xc6 bxc6
8.O-O Ng8f6
9.Rf1e1 Bf8e7
10.Nf3e5 Qd8c7
11.Bc1f4 O-O
12.Ne5g6 Be7d6
13.Bf4xd6 Qc7xd6
14.Ng6xf8 Kxf8
15.Nc3a4 cxd4
16.Qd1xd4 Bc8f5
17.c4 Ra8d8
18.cxd5 Qd6xd5
19.Qd4b4 Kg8
20.Na4c3 Qd5d4
21.Qb4e7 Qd4d6
22.Ra1d1 Qd6xe7
23.Re1xe7 Rd8xd1
24.Nc3xd1 Bf5e6
25.Nd1c3 Kf8
26.Re7a7 Be6c4
27.Ra7c7 Bc4d5
28.Nc3xd5 cxd5
29.Rc7a7  { time }
1-0

[Event "Tourn. n8641"]
[Site "www.chess-mail.com"]
[Date "2016.03.19"]
[Round "1"]
[White "Cal"]
[Black "Afrikanu007"]
[WhiteElo "1700"]
[BlackElo "1499"]
[Result "0-1"]
[Round "1"]
1.Nb1c3 e5
2.e4 g6
3.a3 Ng8f6
4.d3 Nb8c6
5.Bc1g5 h6
6.Bg5xf6 Qd8xf6
7.Nc3d5 Qf6d6
8.c4 Nc6e7
9.b4 Ne7xd5
10.c5 Qd6e6
11.exd5 Qe6xd5
12.Ng1f3 Bf8g7
13.Bf1e2 Qd5c6
14.O-O e4
15.dxe4 Bg7xa1
16.Qd1xa1 O-O
17.h3 Qc6xe4
18.Rf1e1 b6
19.Be2f1 Qe4f5
20.Bf1c4 Bc8b7
21.Re1e5 Qf5f6
22.cxb6 axb6
23.Nf3d2 d6
24.Re5e1 Qf6g5
25.Nd2f3 Bb7xf3
26.g3 Qg5f5
27.Re1e3 Bf3b7
28.Bc4d3 Qf5xh3
29.Bd3e4 d5
30.Be4g2 Qh3h5
31.Qa1d4 Qh5f5
32.Kh2 Qf5xf2
33.Qd4d3 Ra8e8
34.Re3f3 Qf2e2
35.Qd3c3 d4
36.Qc3xc7 Bb7xf3
37.Qc7xf7 Rf8xf7
{ resign }
0-1

[Event "Tourn. n8611"]
[Site "www.chess-mail.com"]
[Date "2016.03.19"]
[Round "1"]
[White "Elogic"]
[Black "Snoopy"]
[WhiteElo "1850"]
[BlackElo "2359"]
[Result "0-1"]
[Round "1"]
1.Ng1f3 b6
2.d4 Bc8b7
3.e3 e6
4.g3 Bf8b4
5.c3 Bb4e7
6.Bf1g2 Ng8f6
7.c4 Be7b4
8.Bc1d2 Bb4xd2
9.Nb1xd2 O-O
10.b4 d6
11.Qd1c2 Nb8c6
12.a3 Nc6e7
13.O-O-O c5
14.b5 cxd4
15.exd4 Ra8c8
16.Kb1 Ne7f5
17.Rh1e1 Nf5xd4
18.Qc2c3 Nd4xb5
19.Qc3d3 Rc8xc4
20.Nd2xc4 Bb7e4
21.Re1xe4 Nf6xe4
22.Rd1f1 Ne4c5
23.Qd3e3 Qd8f6
24.Rf1d1 Nb5c3
25.Kc2 Nc3xd1
26.Kxd1 Qf6a1
{ resign }
0-1

[Event "Match"]
[Site "www.echecsemail.com"]
[Date "2016.03.19"]
[Round "1"]
[White "Pinehill"]
[Black "Silent1"]
[WhiteElo "2030"]
[BlackElo "1790"]
[Result "1-0"]
[Round "1"]
1.e4 e5
2.d4 exd4
3.Bf1c4 Nb8c6
4.Ng1f3 Bf8e7
5.O-O d6
6.Nf3xd4 Nc6xd4
7.Qd1xd4 Ng8f6
8.Nb1c3 O-O
9.Bc1g5 Nf6g4
10.Bg5xe7 Qd8xe7
11.f4 Qe7f6
12.Qd4xf6 Ng4xf6
13.e5 dxe5
14.fxe5 Nf6d7
15.e6 Nd7e5
16.exf7 Ne5xf7
17.Ra1e1 Bc8g4
18.Re1e7 Ra8b8
19.Bc4xf7 Kh8
20.Re7xc7 g6
21.Nc3d5 Bg4f5
22.c3 Bf5d3
23.Rf1f2 a6
24.Nd5b6 Bd3e4
25.Bf7d5 Rf8xf2
26.Kxf2 Rb8f8
27.Ke1 Be4d3
28.Rc7xb7 Rf8e8
29.Kd2 Bd3b5
30.Kc2 Re8e2
31.Kb3 Re2f2
32.Bd5f3 Bb5f1
33.h4 Bf1xg2
34.Bf3xg2 Rf2xg2
35.Ka3 Rg2g4
36.Nb6d5 Rg4xh4
37.Nd5f6 Rh4f4
38.Rb7xh7 
1-0

[Event "Match"]
[Site "www.echecsemail.com"]
[Date "2016.03.19"]
[Round "1"]
[White "Tonino1"]
[Black "Marbachess"]
[WhiteElo "2030"]
[BlackElo "2200"]
[Result "0-1"]
[Round "1"]
1.d4 f5
2.Ng1f3 Ng8f6
3.e3 d6
4.Bf1d3 Nb8c6
5.b3 e5
6.dxe5 dxe5
7.Bd3e2 Qd8xd1
8.Be2xd1 e4
9.Nf3d4 Nc6xd4
10.exd4 Bc8e6
11.Bc1b2 O-O-O
12.O-O c5
13.c3 cxd4
14.cxd4 Bf8b4
15.a3 Bb4e7
16.Nb1d2 Nf6d5
17.Ra1c1 Kb8
18.Nd2c4 Be7f6
19.Nc4e5 Nd5f4
20.g3 Nf4d3
21.Ne5xd3 exd3
22.Rf1e1 d2
23.Re1xe6 dxc1Q
24.Bb2xc1 Rh8e8
25.Bc1f4 Ka8
26.Re6xe8 Rd8xe8
27.Bf4e3 Bf6xd4
28.Be3xd4 Re8e1
29.Kg2 Re1xd1
30.Bd4xg7 Rd1d3
31.b4 Rd3xa3
32.Bg7f8 b6
33.Kf1 Ra3b3
34.Ke2 a5
35.bxa5 bxa5
36.h4 h5
37.Bf8d6 Ka7
38.Kd2 Kb6
39.Bd6e5 Kc5
40.Be5f4 Kd4
41.Bf4e3 Kc4
 { time }
0-1

[Event "Match"]
[Site "www.echecsemail.com"]
[Date "2016.03.19"]
[Round "1"]
[White "Pinehill"]
[Black "Coraza"]
[WhiteElo "2040"]
[BlackElo "1680"]
[Result "1-0"]
[Round "1"]
1.e4 e5
2.d4 Bf8b4
3.c3 Bb4a5
4.Bc1e3 Ng8f6
5.Nb1d2 d5
6.dxe5 Nf6xe4
7.Bf1d3 Ne4xd2
8.Qd1xd2 O-O
9.Ng1f3 Rf8e8
10.O-O Bc8g4
11.Nf3d4 c5
12.Nd4b3 d4
13.Be3f4 Bg4e6
14.Nb3xc5 Nb8c6
15.Nc5xb7 Qd8c7
16.Nb7xa5 Qc7xa5
17.Rf1e1 Ra8d8
18.Qd2c2 Rd8c8
19.Bd3xh7 Kf8
20.Bh7f5 Nc6d8
21.Bf5xe6 Re8xe6
22.Ra1d1 Re6g6
23.Rd1xd4 Nd8e6
24.Rd4a4 Qa5d5
25.Bf4g3 Ne6f4
26.Ra4xf4 Qd5d8
27.Qc2xg6 Rc8c7
28.Qg6h7 Ke7
29.Bg3h4 f6
30.exf6 { resign }
1-0

[Event "Match"]
[Site "www.echecsemail.com"]
[Date "2016.03.19"]
[Round "1"]
[White "Duff"]
[Black "Susov"]
[WhiteElo "1920"]
[BlackElo "1840"]
[Result "1-0"]
[Round "1"]
1.e4 e5
2.Ng1f3 Nb8c6
3.Bf1c4 f6
4.d4 exd4
5.Nf3xd4 Ng8e7
6.Nb1c3 a6
7.O-O d6
8.Nd4e6 Bc8xe6
9.Bc4xe6 Nc6e5
10.Nc3d5 c6
11.Nd5xe7 Qd8xe7
12.Be6b3 Ra8d8
13.Bc1f4 g5
14.Bf4xe5 Qe7xe5
15.Qd1h5 Kd7
16.Qh5f7 Kc8
17.c3 Rd8d7
18.Bb3e6 Bf8e7
19.Be6xd7 Kxd7
20.Qf7g7 f5
21.Qg7xe5 dxe5
22.exf5 h5
23.Rf1e1 Be7f6
24.Ra1d1 Kc7
25.h3 Rh8e8
26.g4 h4
27.Rd1d3 Kb6
28.Rd3d6 Bf6e7
29.Re1xe5 Be7xd6
30.Re5xe8 Kc7
31.f6 Kd7
32.f7 { resign }
1-0

[Event "Tourn. n8652"]
[Site "www.chess-mail.com"]
[Date "2016.03.20"]
[Round "1"]
[White "Watford"]
[Black "Gatrooper"]
[WhiteElo "1690"]
[BlackElo "1670"]
[Result "0-1"]
[Round "1"]
1.c4 c5
2.Nb1c3 Ng8f6
3.Ng1f3 Nb8c6
4.d4 e6
5.e4 cxd4
6.Nf3xd4 Nc6xd4
7.Qd1xd4 d6
8.Bf1e2 a6
9.O-O e5
10.Qd4d1 h6
11.Be2f3 Bf8e7
12.Nc3d5 Nf6xd5
13.cxd5 f5
14.exf5 { time. }
0-1

[Event "Tourn. n8597"]
[Site "www.chess-mail.com"]
[Date "2016.03.20"]
[Round "1"]
[White "Libiesse"]
[Black "Leeds"]
[WhiteElo "1990"]
[BlackElo "1880"]
[Result "1-0"]
[Round "1"]
1.d4 d5
2.c4 dxc4
3.Ng1f3 e6
4.a3 c5
5.Qd1a4 Nb8c6
6.Qa4xc4 cxd4
7.g3 Ng8f6
8.Bf1g2 Bf8e7
9.Bc1g5 O-O
10.O-O e5
11.Rf1d1 Bc8e6
12.Qc4b5 Qd8d7
13.e3 a6
14.Qb5e2 Be6h3
15.exd4 exd4
16.Bg5xf6 Be7xf6
17.Nb1c3 Bh3xg2
18.Kxg2 Rf8e8
19.Nc3e4 Qd7e6
20.Ne4xf6 gxf6
21.Qe2d2 Qe6e2
22.Qd2f4 Qe2e6
23.Rd1e1 Qe6d7
24.Nf3h4 Ra8d8
25.Nh4f5 Nc6e5
26.Re1xe5 fxe5
27.Qf4g4 { resign }
1-0

[Event "Tourn. n8605"]
[Site "www.chess-mail.com"]
[Date "2016.03.20"]
[Round "1"]
[White "Hundegana"]
[Black "Bojan"]
[WhiteElo "1920"]
[BlackElo "2050"]
[Result "0-1"]
[Round "1"]
1.d4 g6
2.Bc1f4 Bf8g7
3.c3 d6
4.Ng1f3 Ng8f6
5.Nb1d2 Nf6h5
6.Bf4g3 Nh5xg3
7.hxg3 a6
8.e4 d5
9.e5 Bc8g4
10.Bf1e2 Nb8d7
11.Nf3g1 Bg4xe2
12.Ng1xe2 e6
13.Qd1b3 b6
14.Nd2f3 f6
15.Ne2f4 Qd8e7
16.Kf1 b5
17.Ra1e1 Kf7
18.a4 bxa4
19.Qb3xa4 Nd7b6
20.Qa4c2 f5
21.Nf4h3 h6
22.Nf3h2 c5
23.g4 Nb6c4
24.gxf5 gxf5
25.b3 Nc4a3
26.Qc2a2 cxd4
27.cxd4 Rh8c8
28.Nh2f3 Rc8c2
29.Qa2a1 Qe7b4
30.Re1e2 Ra8c8
31.Re2xc2 Rc8xc2
32.g3 Rc2c3
33.Kg2 Rc3xb3
34.Rh1c1 Qb4b7
35.Nf3d2 Rb3d3
36.Nd2f1 Na3c4
37.Nh3f4 Rd3a3
38.Qa1b1 Ra3b3
39.Qb1a2 Qb7b6
40.Qa2a4 Rb3b5
41.Qa4d1 Qb6c6
42.Qd1h5 Kg8
43.Rc1e1 a5
44.Nf1e3 Nc4xe3
45.Re1xe3 a4
46.Qh5g6 Rb5b6
47.g4 fxg4
48.Qg6xg4 Qc6d7
49.Re3h3 Kf8
50.Nf4g6 Ke8
51.Ng6f4 Kd8
52.Qg4h4 Kc8
53.Rh3c3 Kb7
54.Qh4g3 Bg7f8
55.Nf4d3 Qd7h7
56.Qg3f4 Bf8e7
57.Nd3c5 Be7xc5
58.dxc5 Rb6a6
59.Qf4b4 Kc7
60.Rc3g3 Qh7e4
61.Qb4xe4 dxe4
62.Rg3e3 a3
63.Re3e1 a2
64.Re1a1 Ra6a3
65.Kf1 Kc6
66.Ke2 Kxc5
67.Kd2 Kd5
68.Kc2 Kxe5
69.Kb2 Ra3a8
70.Kb3 Kf4
71.Kc3 Kf3
72.Kd4 Ra8a5
73.Kc4 Kxf2
74.Kb4 Ra5a8
75.Kc5 e3
76.Kd6 e2
77.Kxe6 e1Q
78.Ra1xe1 Kxe1
79.Kf6 a1Q
80.Kg6 Qa1e5
81.Kxh6 Qe5g3
82.Kh7 Ra8a2
83.Kh8 Ra2h2
{ resign }
0-1

[Event "Tourn. n8663"]
[Site "www.chess-mail.com"]
[Date "2016.03.20"]
[Round "1"]
[White "Bojan"]
[Black "Roque1"]
[WhiteElo "2050"]
[BlackElo "1980"]
[Result "0-1"]
[Round "1"]
1.c4 e6
2.d4 Ng8f6
3.a3 g6
4.Qd1d3 Bf8g7
5.e4 d6
6.Nb1c3 O-O
7.Bc1e3 Nb8c6
8.Qd3d2 e5
9.Ng1e2 Bc8e6
10.Nc3d5 Nf6xe4
11.Qd2d3 Be6f5
12.Qd3b3 exd4
13.Be3f4 Ne4c5
14.Qb3g3 Nc5d3
15.Kd2 Nd3xb2
16.Qg3b3 d3
17.Ne2g3 Nc6d4
18.Qb3a2 c6
19.Nd5e3 Qd8a5
20.Kc1 Qa5c3
21.Kb1 d2
{ resign }
0-1

[Event "Tourn. n8654"]
[Site "www.chess-mail.com"]
[Date "2016.03.20"]
[Round "1"]
[White "Watford"]
[Black "Sorren"]
[WhiteElo "1690"]
[BlackElo "1790"]
[Result "0-1"]
[Round "1"]
1.d4 Ng8f6
2.c4 e6
3.Nb1c3 Bf8b4
4.Bc1d2 O-O
5.e3 d5
6.Ng1f3 c5
7.dxc5 dxc4
8.Bf1xc4 Bb4xc5
9.O-O Nb8c6
10.Qd1e2 Qd8c7
11.Ra1c1 Bc8d7
12.a3 Ra8c8
13.b4 Bc5d6
14.h3 { time. }
0-1

[Event "Tourn. n8627"]
[Site "www.chess-mail.com"]
[Date "2016.03.20"]
[Round "1"]
[White "Naujzaid"]
[Black "Elogic"]
[WhiteElo "2100"]
[BlackElo "1850"]
[Result "1-0"]
[Round "1"]
1.d4 c5
2.d5 Qd8b6
3.c4 Ng8f6
4.Nb1c3 Qb6b4
5.e3 Nf6e4
6.Bc1d2 a6
7.Nc3xe4 Qb4xb2
8.Bd2c3 Qb2a3
9.Qd1c2 d6
10.Ng1f3 Bc8d7
11.Bf1d3 b5
12.O-O b4
13.Bc3b2 Qa3a5
14.Ne4g5 f6
15.Bd3g6 hxg6
16.Qc2xg6 Kd8
17.Ng5f7 Kc7
18.Nf7xh8 e6
19.Qg6f7 { resign }
1-0

[Event "Tourn. n8646"]
[Site "www.chess-mail.com"]
[Date "2016.03.20"]
[Round "1"]
[White "Osmundw"]
[Black "Ledzepp"]
[WhiteElo "1410"]
[BlackElo "1190"]
[Result "0-1"]
[Round "1"]
1.e4 e5
2.Nb1c3 Bf8c5
3.Ng1f3 Ng8f6
4.Nc3a4 Bc5e7
5.d3 d5
6.Na4c3 Be7b4
7.Nf3xe5 dxe4
8.dxe4 Nf6xe4
9.Ne5d3 Ne4xc3
10.bxc3 Bb4xc3
11.Bc1d2 Bc3xa1
12.Qd1xa1 O-O
13.g4 Bc8xg4
14.h3 Qd8e8
15.Bd2e3 Qe8e4
16.Rh1g1 h5
17.f3 Qe4xe3
18.Kd1 Bg4xf3
19.Bf1e2 Bf3xe2
20.Ke1 Be2f3
21.Kf1 Qe3e2

0-1

[Event "Tourn. n8662"]
[Site "www.chess-mail.com"]
[Date "2016.03.20"]
[Round "1"]
[White "Grimsby"]
[Black "Passaroa25"]
[WhiteElo "1520"]
[BlackElo "1590"]
[Result "0-1"]
[Round "1"]
1.e4 c6
2.d4 d6
3.Ng1f3 f6
4.Bf1e2 Bc8e6
5.O-O Be6f7
6.c4 e6
7.Nb1c3 Ng8e7
8.Bc1e3 g6
9.Qd1d2 Bf8g7
10.d5 { time. }
0-1

[Event "Tourn. n8613"]
[Site "www.chess-mail.com"]
[Date "2016.03.20"]
[Round "1"]
[White "Raven16"]
[Black "Elogic"]
[WhiteElo "2190"]
[BlackElo "2240"]
[Result "0-1"]
[Round "1"]
1.d4 Ng8f6
2.c4 c5
3.d5 e6
4.Nb1c3 e5
5.e4 a6
6.Ng1f3 Nf6g4
7.Bc1g5 f6
8.Bg5h4 d6
9.Bf1e2 g5
10.Bh4g3 f5
11.h3 Ng4h6
12.exf5 Nh6xf5
13.Qd1d2 Bf8h6
14.Qd2c2 Bc8d7
15.Nc3e4 b5
16.h4 g4
17.Nf3h2 Nf5xh4
18.Ne4xd6 Kf8
19.Bg3xe5 Nh4xg2
20.Kf1 g3
21.Be5xh8 Bd7h3
22.Qc2xh7 Qd8xd6
23.Bh8e5 Ng2f4
24.Ke1 Qd6xe5
25.Qh7c2 gxh2
26.cxb5 Nf4g2
27.Kd1 Qe5xd5
28.Qc2d3 Qd5xd3
29.Be2xd3 Bh6f4
{ resign }
0-1